000 00205 a2200097 4500
020 _a9780439551205
041 _aspa
100 _aDavid Pilkey
245 _aLas aventuras del super bebe paąl
942 _cBK
999 _c29181
_d29179